000 00725cam a2200241 a 4500
008
020 _a0192842269 (pbk.)
049 _aMAIN
090 _aNA680
_bCOL
100 1 _aColquhoun, Alan.
245 1 0 _aModern architecture /
_cAlan Colquhoun.
260 _aOxford ;
_aNew York :
_bOxford University Press,
_c2002.
300 _a287 p. :
_bill. (some col.) ;
_c24 cm.
440 0 _aOxford history of art
504 _aIncludes bibliographical references.
500 _aIncludes index.
650 0 _aArchitecture, Modern
_y20th century.
907 _a.b10198131
_b24-04-12
_c06-04-06
003
005 20230123134205.0
040 _cNUST
942 _cBOOKS
_kNA680
_mCOL
999 _c161606
_d161606